00375nam a22001337a 450000500170000002000220001703500130003903700130005210000190006524500660008426000520015030000220020270000170022420120424122952.0 a0408706767c00.00 aA-231312 aDPLbENG aMulholland, H. aFundamentals of statistics /cby H. Mulholland and C.R. Jones aLondonbThe English Language Book Societyc1983 av, 291p.c18 cms. aJones, C.R.